000 00442nam a22001577a 4500
005 20251108174723.0
008 250721s2009 xx 000 0 ara d
082 1 4 _a519.5/شقب
100 1 _aشقبوعة، رانيا
245 1 0 _aمبادئ في الإحصاء /
264 1 _aعمان :
_bدار وائل للنشر والتوزيع،
_c2009.
300 _a208ص.
650 1 7 _aالاحصاا
942 _2ddc
_cBK
999 _c116339
_d116339